000 00938nas a2200289 4500
001 BR2015003591
003 BR-BrBNA
005 20231205125423.0
007 ta
008 230509b bl.|||p| |||| 00| 00por d
040 _aBR-BrBNA
_bpor
_cBiblioteca Nacional de Agricultura
041 _a(Pt)
072 _aF02
100 1 _aRossetto, C.
100 1 _aSantos, R.F.
100 1 _aSouza, S.N.M. de
100 1 _aBassegio, D.
100 1 _aKlaus, O.
245 1 _aEnraizamento de pinhão manso (Jatropha Curcas L.)com diferentes doses de extrato de tiririca (Cyperus rotundus)
650 _aPINHÃO DE PURGA
650 _aESTUFA
650 _aENRAIZAMENTO DE ESTACA
773 0 _tActa Iguazu (Brazil)
_xISSN 2316-4093
_g(2013), v. 2(2) p. 58-63
_wBR2015003591
856 4 0 _uhttp://e-revista.unioeste.br/index.php/actaiguazu/article/download/8391/6202
909 _a202311
_bLúcia
_c55
_dLúcia Elande
942 _2AGRIS
_n0
_cANA
999 _c244284
_d244284